00861nam a22001697a 4500008004100000020001500041050002800056245029600084260004600380300002200426440003800448700002300486800002300509942001200532999001600544952013100560140902b xxu||||| |||| 00| 0 eng d a0406093423 aKD277.7.L39(1933 vol.1) aThe Law Reports (1933 vol.1) King's bench division: of the incorporated Council of law reporting Kings Bench Division: and on appeal therefrom in the Court of Appeal, decisions in the Court of criminal appeal and decisions of the Railway and Canal Commission. /cedited by Frederick Pollock  aLondon:bButterworth and Co. Ltd.,c1933. axiv, 853p.:c24cm pKings Bench Division, 1933vvol I aPollock, Frederick aPollock, Frederick 2lcccBK c4021d11521 00102lcc4070aWIUC-1bWIUC-1cLLd2014-09-02l0oKD277.7.L39(1933 vol.1)p2036/1033/14r2014-09-02 00:00:00w2014-09-02yBK